000
00208 a2200109 4500
001
51115
040
_c
Anchieta - Pituba
240
1
0
_a
Caramuru
_l
245
1
0
_a
Caramuru
650
4
_a
Generalidades
942
_c
MX
999
_c
51115
_d
51115